000 00393nam a22001217a 4500
008 140211b xxu||||| |||| 00| 0 eng d
050 _aPR6068. I3.W6
100 _aRichardson, Dorothy E.
_98590
245 _aWomen of the New Testament and Other Religious Poems /
_cDorothy Richardson
260 _aLondon
_bExcalibur Press of London
_c1990
300 _a94p.
_c21cm.
942 _2lcc
_cMONOGRAPH
999 _c120028
_d120028